000 00662nam a22002177a 4500
003 UA-OsUOA
001 120380
007 ta
008 20161226b un ||||| |||| 00| 0 ukr d
100 _aШкавро В.
090 _a81
_bШ66
942 _cSA
040 _aUA-OsUOA
_bukr
_cUA-OsUOA
_dUA-OsUOA
245 _aСтановлення і розвиток форм тестового контролю в навчальних закладах
300 _aС.32-35
955 _a0
041 _aukr
080 _a81
773 0 _w120376
650 7 _a8 Мовознавство. Художня література. Літературознавство
_2UDC
999 _c406452
_d406452